02002cam a2200265 a 450000100060000000300080000600500170001400800410003102000150007202000220008702000230010902000300013203500190016204000270018104100080020808200290021624500980024526000530034330000210039650400510041750511900046865000210165870000180167983000390169747094BD-RjUL20211209054247.0160807s2005 ii b 001 0 eng  a0761933883 a0761933891 (pbk.) a817829530X (India) a8178295318 (India : pbk.) a(BD-RjUL)47213 aDLCcDLCbengdBD-RjUL aeng00a306.850954223bFAM 200504aThe family in India :bstructure and practice /ceditor, Tulsi Patel ; foreword by A.M. Shah. aNew Delhi ;aLondon :bSage Publications,c2005. a310 p. ;c23 cm. aIncludes bibliographical references and index.0 aThe family: nature and scope -- The nature of the family / Carle C. Zimmerman -- Some neglected approaches and problems in the study of family in India / A.A. Khatri -- Some problems concerning research on the changing family in India / M.F. Nimkoff -- The myth of the Indian joint family: empirical analysis -- The joint family in India: an analysis / I.P. Desai -- Caste and the joint family, an approach / Aileen D. Ross -- An analysis / I.P. Desai -- In Tamil Nadu / A. Aiyappan -- In Kerala / M.S.A. Rao -- In an immigrant artisan community / Hemlata Acharya -- In a mobile commercial community / B.R. Agarwala -- Family types in Badlapur: an analysis of a changing institution in a Maharashtrian village / William A. Morrison -- The family in transition / K.M. Kapadia -- Family structure and socio-economic status in central India / Edwin D. Driver -- The phase of dispersal in the Indian family process / A.M. Shah -- The demystifying case studies -- The family organization in the south-west of India / Fr. J. Puthenkalam, S.J -- Family and kinship groups among the Khatris in Delhi / Saroj Kapoor -- Household and family among Thakors in a north Gujarat village / Lancy Lobo. 0aFamilieszIndia.1 aPatel, Tulsi. 0aThemes in Indian sociology ;vv. 6